<?xml version="1.0" encoding="UTF-8"?>
<record
    xmlns:xsi="http://www.w3.org/2001/XMLSchema-instance"
    xsi:schemaLocation="http://www.loc.gov/MARC21/slim http://www.loc.gov/standards/marcxml/schema/MARC21slim.xsd"
    xmlns="http://www.loc.gov/MARC21/slim">

  <leader>04132cam a22003977a 4500</leader>
  <controlfield tag="001">10191662</controlfield>
  <controlfield tag="003">Nust- CAS-E0</controlfield>
  <controlfield tag="005">20180118181407.0</controlfield>
  <controlfield tag="006">m        d        </controlfield>
  <controlfield tag="007">cr  n         </controlfield>
  <controlfield tag="008">121005s2013    enka    sb    000 0 eng d</controlfield>
  <datafield tag="020" ind1=" " ind2=" ">
    <subfield code="a">9781447148227 (hbk. : alk. paper)</subfield>
  </datafield>
  <datafield tag="020" ind1=" " ind2=" ">
    <subfield code="a">1447148223 (hbk. : alk. paper)</subfield>
  </datafield>
  <datafield tag="020" ind1=" " ind2=" ">
    <subfield code="a">9781447148234 (ebk.)</subfield>
  </datafield>
  <datafield tag="035" ind1=" " ind2=" ">
    <subfield code="a">(WaSeSS)ssj0000811546</subfield>
  </datafield>
  <datafield tag="040" ind1=" " ind2=" ">
    <subfield code="a">IXA</subfield>
    <subfield code="b">eng</subfield>
    <subfield code="c">IXA</subfield>
    <subfield code="d">BTCTA</subfield>
    <subfield code="d">YDXCP</subfield>
    <subfield code="d">BWX</subfield>
    <subfield code="d">DLC</subfield>
    <subfield code="d">WaSeSS</subfield>
  </datafield>
  <datafield tag="042" ind1=" " ind2=" ">
    <subfield code="a">lccopycat</subfield>
  </datafield>
  <datafield tag="050" ind1=" " ind2="4">
    <subfield code="a">TK2960</subfield>
    <subfield code="b">.O74 2013</subfield>
  </datafield>
  <datafield tag="082" ind1=" " ind2=" ">
    <subfield code="a">621.31244</subfield>
    <subfield code="b">ORG 2013</subfield>
  </datafield>
  <datafield tag="210" ind1="1" ind2="0">
    <subfield code="a">Organic solar cells</subfield>
  </datafield>
  <datafield tag="245" ind1="0" ind2="0">
    <subfield code="a">Organic solar cells</subfield>
    <subfield code="h">[electronic resource] :</subfield>
    <subfield code="b">materials and device physics /</subfield>
    <subfield code="c">Wallace C.H. Choy, editor.</subfield>
  </datafield>
  <datafield tag="260" ind1=" " ind2=" ">
    <subfield code="a">London ;</subfield>
    <subfield code="a">New York :</subfield>
    <subfield code="b">Springer,</subfield>
    <subfield code="c">c2013.</subfield>
  </datafield>
  <datafield tag="490" ind1="1" ind2=" ">
    <subfield code="a">Green energy and technology,</subfield>
    <subfield code="x">1865-3529</subfield>
  </datafield>
  <datafield tag="502" ind1=" " ind2=" ">
    <subfield code="a">0</subfield>
  </datafield>
  <datafield tag="504" ind1=" " ind2=" ">
    <subfield code="a">Includes bibliographical references.</subfield>
  </datafield>
  <datafield tag="505" ind1="0" ind2="0">
    <subfield code="t">Introduction to Organic Solar Cells /</subfield>
    <subfield code="r">Dixon D. S. Fung and Wallace C. H. Choy --</subfield>
    <subfield code="t">Active Layer Materials for Organic Solar Cells /</subfield>
    <subfield code="r">Jianhui Hou and Xia Guo --</subfield>
    <subfield code="t">Interface Engineering for High Performance Bulk-Heterojunction Polymeric Solar Cells /</subfield>
    <subfield code="r">Chunhui Duan, Chengmei Zhong, Fei Huang and Yong Cao --</subfield>
    <subfield code="t">Graphene for Transparent Electrodes and Organic Electronic Devices /</subfield>
    <subfield code="r">Xiangjian Wan, Guankui Long and Yongsheng Chen --</subfield>
    <subfield code="t">Exciton and Charge Dynamics in Polymer Solar Cells Studied by Transient Absorption Spectroscopy /</subfield>
    <subfield code="r">Hideo Ohkita and Shinzaburo Ito --</subfield>
    <subfield code="t">Interface Stability of Polymer and Small-Molecule Organic Photovoltaics /</subfield>
    <subfield code="r">Degradation Mechanisms, Characterization Techniques, and Improvement Approaches /</subfield>
    <subfield code="r">D. W. Zhao, L. Ke, W. Huang and X. W. Sun --</subfield>
    <subfield code="t">Theoretical Studies of Plasmonic Effects in Organic Solar Cells /</subfield>
    <subfield code="r">Wei E. I. Sha, Wallace C. H. Choy and Weng Cho Chew --</subfield>
    <subfield code="t">Experimental Studies of Plasmonic Nanoparticle Effects on Organic Solar Cells /</subfield>
    <subfield code="r">Dixon D. S. Fung and Wallace C. H. Choy --</subfield>
    <subfield code="t">Hybrid Solar Cells with Polymer and Inorganic Nanocrystals /</subfield>
    <subfield code="r">Qidong Tai and Feng Yan.</subfield>
  </datafield>
  <datafield tag="506" ind1=" " ind2=" ">
    <subfield code="a">License restrictions may limit access.</subfield>
  </datafield>
  <datafield tag="520" ind1=" " ind2=" ">
    <subfield code="a">"Organic solar cells have emerged as new promising photovoltaic devices due to their potential applications in large area, printable and flexible solar panels. Organic Solar Cells: Materials and Device Physics offers an updated review on the topics covering the synthesis, properties and applications of new materials for various critical roles in devices from electrodes, interface and carrier transport materials, to the active layer composed of donors and acceptors.Addressing the important device physics issues of carrier and exciton dynamics and interface stability and novel light trapping structures, the potential for hybrid organic solar cells to provide high efficiency solar cells is examined and discussed in detail. Specific chapters covers key areas including: Latest research and designs for highly effective polymer donors/acceptors and interface materials; Synthesis and application of highly transparent and conductive graphene; Exciton and charge dynamics for in-depth understanding of the mechanism underlying organic solar cells; New potentials and emerging functionalities of plasmonic effects in OSCs; Interface Degradation Mechanisms in organic photovoltaics improving the entire device lifetime; Device architecture and operation mechanism of organic/ inorganic hybrid solar cells for next generation of high performance photovoltaics. This reference can be practically and theoretically applied by senior undergraduates, postgraduates, engineers, scientists, researchers, and project managers with some fundamental knowledge in organic and inorganic semiconductor materials or devices"--Provided by publisher.</subfield>
  </datafield>
  <datafield tag="650" ind1=" " ind2="0">
    <subfield code="a">Solar cells</subfield>
    <subfield code="x">Materials.</subfield>
  </datafield>
  <datafield tag="700" ind1="1" ind2=" ">
    <subfield code="a">Choy, Wallace C. H.</subfield>
    <subfield code="q">(Wallace Chik Ho)</subfield>
  </datafield>
  <datafield tag="773" ind1=" " ind2="0">
    <subfield code="t">SpringerLink ebooks - Energy (2013)</subfield>
  </datafield>
  <datafield tag="830" ind1=" " ind2="0">
    <subfield code="a">Green energy and technology.</subfield>
  </datafield>
  <datafield tag="856" ind1="4" ind2="0">
    <subfield code="u">http://www.columbia.edu/cgi-bin/cul/resolve?clio10191662</subfield>
    <subfield code="z">Full text available from SpringerLink ebooks - Energy (2013)</subfield>
  </datafield>
  <datafield tag="910" ind1=" " ind2=" ">
    <subfield code="a">Library of Congress record</subfield>
  </datafield>
  <datafield tag="942" ind1=" " ind2=" ">
    <subfield code="2">ddc</subfield>
    <subfield code="c">BK</subfield>
  </datafield>
  <datafield tag="999" ind1=" " ind2=" ">
    <subfield code="c">355630</subfield>
    <subfield code="d">355630</subfield>
  </datafield>
  <datafield tag="952" ind1=" " ind2=" ">
    <subfield code="0">0</subfield>
    <subfield code="1">0</subfield>
    <subfield code="2">ddc</subfield>
    <subfield code="4">0</subfield>
    <subfield code="7">0</subfield>
    <subfield code="8">NFIC</subfield>
    <subfield code="a">CAS-E</subfield>
    <subfield code="b">CAS-E</subfield>
    <subfield code="c">DISPLAY</subfield>
    <subfield code="d">2015-11-12</subfield>
    <subfield code="e">Multiline Books</subfield>
    <subfield code="g">10574.00</subfield>
    <subfield code="l">0</subfield>
    <subfield code="o">621.31244 ORG 2013</subfield>
    <subfield code="p">CAS-E0000672</subfield>
    <subfield code="r">2015-11-12</subfield>
    <subfield code="w">2015-11-12</subfield>
    <subfield code="y">BK</subfield>
  </datafield>
</record>
